000 00352nam a22001457a 4500
003 OSt
005 20231202072528.0
008 231202b |||||||| |||| 00| 0 eng d
040 _cIIMT UNIVERSITY
100 _aJALAN, GHANSHYAM DAS
245 _aSRIKRISHAN BAALMADHURI
260 _aGORAKHPUR
_bGEETA PRESS
_cS.2067
300 _a298
942 _2ddc
_c09
999 _c57749
_d57749